000 00614nam a2200241Ia 4500
003 OSt
005 20221005121902.0
006 a|||||r|||| 00| 0
007 ta
008 221004b |||||||| |||| 00| 0 eng d
024 _a65937
037 _cTextual
040 _aCRL
_cCRL
_beng
041 _2eng
_aeng
082 _aV592:1:N3, K2-;3
100 _aMacartney C A
245 0 _aIndependent Eastern Europe
_b A history
260 _c1962
650 _aHISTORY
700 _a Palmer A W
942 _hV592:1:N3, K2-;3
_cTEXL
_2cc
999 _c1042574
_d1042574